Helfen statt Strafen auch bei jugendlichen Dieben

Saved in:  
Bibliographic Details
Main Author: Zulliger, Hans 1893-1965 (Author)
Format: Print Book
Language:German
Published: Stuttgart Klett 1956
In:Year: 1956
Availability in Tübingen:Present in Tübingen.
IFK: D VI 31
Availability in Albert-Krebs Library:FS.70.001
1997-1212
Check availability: HBZ Gateway
Subito Delivery Service: Order now.
Keywords:

MARC

LEADER 00000cam a22000002c 4500
001 1094093580
003 DE-627
005 20260206200625.0
007 tu
008 910503s1956 xx ||||| 00| ||ger c
035 |a (DE-627)1094093580 
035 |a (DE-603)100532098 
035 |a (DE-576)024093580 
035 |a (DE-599)BSZ024093580 
035 |a (OCoLC)601466287 
035 |a (OCoLC)55115699 
035 |a (DE-604)8085894354 
040 |a DE-627  |b ger  |c DE-627  |e rakwb 
041 |a ger 
084 |a 03b  |a 10a  |2 sdnb 
084 |a 1  |2 ssgn 
084 |a DG 2000  |2 rvk  |0 (DE-625)rvk/19554: 
084 |a DG 8000  |2 rvk  |0 (DE-625)rvk/19561: 
084 |a PH 9140  |2 rvk  |0 (DE-625)rvk/136534: 
100 1 |a Zulliger, Hans  |d 1893-1965  |0 (DE-588)118773259  |0 (DE-627)079552498  |0 (DE-576)163685320  |4 aut 
109 |a Zulliger, Hans 1893-1965  |a Zullinger, Hans 1893-1965  |a Zulliger, H. 1893-1965 
245 1 0 |a Helfen statt Strafen auch bei jugendlichen Dieben  |c Hans Zulliger 
264 1 |a Stuttgart  |b Klett  |c 1956 
300 |a 159 S. 
336 |a Text  |b txt  |2 rdacontent 
337 |a ohne Hilfsmittel zu benutzen  |b n  |2 rdamedia 
338 |a Band  |b nc  |2 rdacarrier 
583 1 |a Archivierung/Langzeitarchivierung gewährleistet  |f PEBW  |x XA-DE-BW  |2 pdager  |5 DE-24 
650 0 7 |0 (DE-588)4028907-2  |0 (DE-627)106276530  |0 (DE-576)208980032  |a Jugendlicher Täter  |2 gnd 
650 0 7 |0 (DE-588)4030550-8  |0 (DE-627)104360100  |0 (DE-576)208988165  |a Kind  |2 gnd 
650 0 7 |0 (DE-588)4133306-8  |0 (DE-627)105681148  |0 (DE-576)209642823  |a Diebstahl  |2 gnd 
650 0 7 |0 (DE-588)4057785-5  |0 (DE-627)106149474  |0 (DE-576)209123699  |a Strafe  |2 gnd 
650 0 7 |0 (DE-588)4044321-8  |0 (DE-627)106206036  |0 (DE-576)209060328  |a Pädagogische Psychologie  |2 gnd 
650 4 |a Diebstahl  |x Täter  |x Jugendlicher  |7 (dpeaa)DE-2619 
650 4 |a Diebstahl  |x Täter  |x Kind  |7 (dpeaa)DE-2619 
650 4 |a Straffälliger  |x Jugendlicher  |x Hilfe  |7 (dpeaa)DE-2619 
650 4 |a Gewissensentwicklung  |7 (dpeaa)DE-2619 
689 0 0 |d s  |0 (DE-588)4133306-8  |0 (DE-627)105681148  |0 (DE-576)209642823  |a Diebstahl  |2 gnd 
689 0 1 |d s  |0 (DE-588)4028859-6  |0 (DE-627)104419199  |0 (DE-576)208979859  |a Jugend  |2 gnd 
689 0 |5 (DE-627) 
935 |a mteo  |a mkri 
936 r v |a DG 2000  |b Einzelne Erziehungsmittel (Lohn und Strafe u.ä.)  |k Pädagogik  |k Spezialfragen der Erziehung  |k Einzelne Erziehungsmittel (Lohn und Strafe u.ä.)  |0 (DE-627)1270769464  |0 (DE-625)rvk/19554:  |0 (DE-576)200769464 
936 r v |a DG 8000  |b Jugendkriminalität, Fürsorgeerziehung, Resozialisierung  |k Pädagogik  |k Spezialfragen der Erziehung  |k Jugendkriminalität, Fürsorgeerziehung, Resozialisierung  |0 (DE-627)1270769502  |0 (DE-625)rvk/19561:  |0 (DE-576)200769502 
936 r v |a PH 9140  |b Sanktionen im Jugendstrafrecht (hier auch Kriminalpädagogik bei Jugendlichen)  |k Rechtswissenschaft  |k Strafrecht, Strafverfahrensrecht, Kriminologie  |k Kriminologie  |k Pönologie; Kriminalpädagogik; Sanktionenforschung  |k Sanktionen im Jugendstrafrecht (hier auch Kriminalpädagogik bei Jugendlichen)  |0 (DE-627)127205392X  |0 (DE-625)rvk/136534:  |0 (DE-576)20205392X 
936 s n |a d100  |2 mzub 
936 s n |a p100  |2 mzub 
951 |a BO 
ELC |b 1 
LOK |0 000 xxxxxcx a22 zn 4500 
LOK |0 001 216398608X 
LOK |0 003 DE-627 
LOK |0 004 1094093580 
LOK |0 005 20100601110944 
LOK |0 008 951218||||||||||||||||ger||||||| 
LOK |0 040   |a DE-21-31  |c DE-627  |d DE-21-31 
LOK |0 541   |e 19204 
LOK |0 852   |a DE-21-31 
LOK |0 852 1  |c Sf VIII 4  |m p  |9 00 
LOK |0 866   |x 1. Ex. 
LOK |0 938   |k p 
LOK |0 939   |a 18-12-95  |b l01 
LOK |0 000 xxxxxcx a22 zn 4500 
LOK |0 001 2163986101 
LOK |0 003 DE-627 
LOK |0 004 1094093580 
LOK |0 005 20140304144903 
LOK |0 008 930906||||||||||||||||ger||||||| 
LOK |0 040   |a DE-21-110  |c DE-627  |d DE-21-110 
LOK |0 689   |a s  |a Psychoanalyse 
LOK |0 852   |a DE-21-110 
LOK |0 852 1  |c D VI 31  |m p  |9 00 
LOK |0 935   |a k110 
LOK |0 936ln  |a 11.1.2.6 
LOK |0 938   |k p 
LOK |0 939   |a 06-09-93  |b l01 
LOK |0 000 xxxxxcx a22 zn 4500 
LOK |0 001 2657877052 
LOK |0 003 DE-627 
LOK |0 004 1094093580 
LOK |0 005 20101209115548 
LOK |0 008 101209||||||||||||||||ger||||||| 
LOK |0 040   |a DE-21-43  |c DE-627  |d DE-21-43 
LOK |0 541   |e 56/683 
LOK |0 852   |a DE-21-43 
LOK |0 852 1  |c Ci 140  |m p  |9 00 
LOK |0 935   |a k043  |a kneu 
LOK |0 938   |k p 
LOK |0 939   |a 09-12-10  |b l01 
LOK |0 000 xxxxxcx a22 zn 4500 
LOK |0 001 2163985792 
LOK |0 003 DE-627 
LOK |0 004 1094093580 
LOK |0 005 19960228000000 
LOK |0 008 960228||||||||||||||||ger||||||| 
LOK |0 040   |a DE-Frei85  |c DE-627  |d DE-Frei85 
LOK |0 852   |a DE-Frei85 
LOK |0 852 1  |m p  |9 00 
LOK |0 938   |k p 
LOK |0 939   |a 28-02-96  |b l01 
LOK |0 000 xxxxxcx a22 zn 4500 
LOK |0 001 419626834X 
LOK |0 003 DE-627 
LOK |0 004 1094093580 
LOK |0 005 20221011150732 
LOK |0 008 221011||||||||||||||||ger||||||| 
LOK |0 035   |a (DE-2619)k02336 
LOK |0 040   |a DE-2619  |c DE-627  |d DE-2619 
LOK |0 092   |o n 
LOK |0 541   |e Bestand Albert-Krebs-Bibliothek: 1997-1212 
LOK |0 852   |a DE-2619 
LOK |0 852 1  |c FS.70.001  |m p  |9 00 
LOK |0 935   |a kreb 
LOK |0 938   |k p 
LOK |0 939   |a 11-10-22  |b l01 
ORI |a SA-MARC-krimdoka001.raw 
SIG |a IFK: D VI 31